Proposiciones 30

Guardat en:
Dades bibliogràfiques
Format: Llibre
Idioma:espanyol
Publicat: Santiago Sur 1999
Matèries:
Etiquetes: Afegir etiqueta
Sense etiquetes, Sigues el primer a etiquetar aquest registre!

MARC

LEADER 00000nam a2200000 a 4500
001 UCL6604
003 CL-VaPUC
008 040416e19990000CL |||||||||||||||||spa|d
020 |a 9562080536 
082 0 4 |a 711.13  |b PRO  |2 21 
245 1 0 |a Proposiciones 30 
246 1 0 |a Urbanismo y democracia. Experiencias en Lyon, Montreal, Santiago 
300 |a 132 p 
942 |c BK 
945 |d 20040416 00:00:00  |a cmena 
260 |a Santiago  |b Sur  |c 1999 
650 0 |a Planificación urbana   |9 258176 
650 0 |a Desarrollo social  |9 264534 
650 0 |a Comunidades  |9 337024 
650 0 |a Ciudades  |9 265474 
583 |a last modification  |c 20040416 00:00:00  |k Rodrigo Vera 
999 |c 308600  |d 308598 
952 |0 0  |1 0  |4 0  |6 711_130000000000000_PRO_1999  |7 0  |8 A  |9 375238  |a BIBGIM  |b BIBGIM  |d 2019-11-21  |i 3560678  |o 711.13 PRO 1999  |p 3560678  |r 2025-01-15  |w 2019-11-21  |y BK  |k SSL 
952 |0 0  |1 0  |4 0  |6 711_130000000000000_PRO_1999  |7 0  |8 A  |9 375239  |a BIBGIM  |b BIBGIM  |d 2019-11-21  |i 3560686  |o 711.13 PRO 1999  |p 3560686  |r 2025-01-15  |w 2019-11-21  |y BK  |k SSL